[Event "?"]
[Site "?"]
[Date "2009.08.23"]
[Round "5.23"]
[White "Fieberg, Samuel"]
[Black "Fieberg, Christoph"]
[Result "1/2-1/2"]
[WhiteElo "1169"]
[BlackElo "1779"]
[PlyCount "38"]
[EventDate "2009.??.??"]
[WhiteTeam "Schachfreunde Köln-Mülheim e.V."]
[BlackTeam "Bergische Schachfreunde 1923 Ber"]

1. e4 d6 2. d4 Nf6 3. Nc3 g6 4. Nf3 Bg7 5. Be2 O-O 6. O-O c6 7. Bg5 Nbd7 8. Qd2
Qc7 9. Bh6 e5 10. Bxg7 Kxg7 11. dxe5 dxe5 12. Rad1 Nc5 13. Qe3 b6 14. h3 Ba6
15. Bxa6 Nxa6 16. Rd2 Rad8 17. Rfd1 Rxd2 18. Rxd2 Nc5 19. a3 Ne6 1/2-1/2

[Event "?"]
[Site "?"]
[Date "2009.08.23"]
[Round "5.24"]
[White "Fimmers, Heinrich"]
[Black "Margenberg, Volker"]
[Result "1-0"]
[WhiteElo "1438"]
[BlackElo "1523"]
[PlyCount "116"]
[EventDate "2009.??.??"]
[WhiteTeam "Schachgemeinschaft Kalker/Deutze"]
[BlackTeam "Schachverein Wiehl 1923 e.V."]

1. d4 Nf6 2. c4 g6 3. Nc3 Bg7 4. e4 d6 5. Be2 O-O 6. Nf3 Nbd7 7. O-O e5 8. d5
Nc5 9. Qc2 a5 10. Be3 Na6 11. a3 Ng4 12. Bd2 Bd7 13. Ne1 f5 14. f3 Nf6 15. Nd3
f4 16. b4 axb4 17. axb4 c6 18. Rfb1 cxd5 19. cxd5 Qb6+ 20. Kh1 Rac8 21. Qd1 h5
22. Be1 g5 23. b5 Nc5 24. Bf2 Qc7 25. Nxc5 dxc5 26. b6 Qd6 27. Ra7 Rb8 28. Qb3
Kh7 29. Na4 Bxa4 30. Qxa4 Nd7 31. Qc2 Rfc8 32. Ra5 Bf8 33. Qb3 Be7 34. Rb5 Ra8
35. Qb2 Ra6 36. Qc2 Qf6 37. Rc1 Rxb6 38. Rxb6 Qxb6 39. Rb1 Qc7 40. Bb5 Nf6 41.
Qc3 Ra8 42. Kg1 Bd6 43. Qb3 Kh6 44. Be1 Qb6 45. Kf1 Qa7 46. Bc4 Rb8 47. Bc3 b6
48. Bb5 g4 49. Qb2 Qc7 50. Bc6 gxf3 51. gxf3 Nh7 52. Ke2 Qg7 53. Rf1 Qg2+ 54.
Rf2 Qh3 55. Bxe5 Bxe5 56. Qxe5 Rf8 57. d6 Rf6 58. d7 Rf8 1-0

[Event "?"]
[Site "?"]
[Date "2009.08.23"]
[Round "5.25"]
[White "Röhlich, Philipp"]
[Black "Rieger, Angelique"]
[Result "1-0"]
[WhiteElo "1404"]
[BlackElo "1149"]
[PlyCount "119"]
[EventDate "2009.??.??"]
[WhiteTeam "SG Trier"]
[BlackTeam "Schachverein Fideler Bauer Lever"]

1. e4 c6 2. d4 d5 3. exd5 cxd5 4. Bd3 Nc6 5. c3 e5 6. dxe5 Nxe5 7. Qe2 Qe7 8.
Bb5+ Bd7 9. Bxd7+ Nxd7 10. Qxe7+ Bxe7 11. Nf3 Ngf6 12. O-O O-O 13. Bg5 Rfe8 14.
Rd1 Nb6 15. Nd4 Ne4 16. Bxe7 Rxe7 17. f3 Nd6 18. Nd2 Rae8 19. b3 a5 20. Kf1 g6
21. Re1 Rxe1+ 22. Rxe1 Rxe1+ 23. Kxe1 Kg7 24. Ke2 Kf6 25. Ke3 a4 26. Kf4 g5+
27. Ke3 Ke5 28. g3 f5 29. f4+ gxf4+ 30. gxf4+ Kf6 31. N2f3 h6 32. Ne5 Ne4 33.
Nb5 axb3 34. axb3 h5 35. Kd4 Ke6 36. Nc7+ Kd6 37. Ne8+ Ke7 38. Ng7 Nd6 39. Nxh5
Ne4 40. h4 Ke6 41. Ng7+ Kf6 42. Ne8+ Ke6 43. h5 Ke7 44. h6 Nf6 45. Nxf6 Kxf6
46. Kc5 Nc8 47. Kxd5 Ne7+ 48. Kd6 Nc8+ 49. Kc7 Ne7 50. c4 b6 51. Kxb6 Ng6 52.
h7 Kg7 53. Nxg6 Kxh7 54. Ne5 Kg7 55. c5 Kf6 56. c6 Ke6 57. c7 Kd6 58. c8=Q Ke7
59. Qd7+ Kf6 60. Qf7# 1-0

[Event "?"]
[Site "?"]
[Date "2009.08.23"]
[Round "5.26"]
[White "Westphal, Gerhard"]
[Black "Ott, Lothar"]
[Result "0-1"]
[WhiteElo "1400"]
[BlackElo "1441"]
[PlyCount "106"]
[EventDate "2009.??.??"]
[BlackTeam "Schachfreunde Köln-Longerich 195"]

1. e4 d6 2. Nf3 g6 3. Nc3 Bg7 4. d4 c6 5. Bc4 Bg4 6. h3 Bc8 7. Ng5 e6 8. Nf3
Ne7 9. O-O O-O 10. Bb3 b6 11. Re1 Nd7 12. Be3 e5 13. Qd2 exd4 14. Nxd4 Nc5 15.
Bc4 b5 16. Bd3 Nxd3 17. cxd3 a6 18. Rac1 c5 19. Nf3 Nc6 20. Bh6 Be6 21. Bxg7
Kxg7 22. Nd5 Bxd5 23. exd5 Ne7 24. d4 c4 25. b3 cxb3 26. axb3 Nxd5 27. Rc2 Rc8
28. Rec1 Rxc2 29. Rxc2 Qd7 30. Qa5 Qb7 31. Rc1 Re8 32. Re1 Rxe1+ 33. Qxe1 Nf6
34. Qb4 Qb6 35. Qc3 a5 36. b4 a4 37. Nd2 Nd5 38. Qb2 Qc7 39. Ne4 h6 40. Qa3 f5
41. Ng3 Qc3 42. Qa2 Qxd4 43. Ne2 Qc4 44. Qb2+ Kf7 45. Qd4 Qxd4 46. Nxd4 a3 47.
Nc2 Nc3 48. Kf1 Ke6 49. Ke1 Kd5 50. Kd2 Kc4 51. Nxa3+ Kxb4 52. Nc2+ Kc4 53.
Ne3+ Kb3 0-1

[Event "?"]
[Site "?"]
[Date "2009.08.23"]
[Round "5.29"]
[White "Wilde, Christian"]
[Black "Metul, Anton"]
[Result "0-1"]
[WhiteElo "962"]
[BlackElo "1402"]
[PlyCount "92"]
[EventDate "2009.??.??"]
[WhiteTeam "Schachfreunde Köln-Longerich 195"]
[BlackTeam "Schachverein 1925 Hürth-Berrenra"]

1. b3 e5 2. e3 Nc6 3. c4 d6 4. Bb2 Bf5 5. d3 Qg5 6. Nf3 Qe7 7. Nc3 Nf6 8. h3 h6
9. e4 Bh7 10. Be2 a6 11. a4 Nd4 12. Nxd4 exd4 13. Nb1 c5 14. f4 Nd7 15. O-O Qh4
16. Nd2 Qd8 17. Nf3 Be7 18. e5 dxe5 19. fxe5 O-O 20. Qe1 Bg5 21. Qg3 Qe7 22.
Nxg5 hxg5 23. Bc1 Qxe5 24. Qxe5 Nxe5 25. Bxg5 f6 26. Bd2 Rae8 27. Bf3 Re7 28.
Ba5 Bxd3 29. Bd5+ Kh7 30. Rf2 f5 31. Re1 Rfe8 32. Ra1 g6 33. g4 fxg4 34. hxg4
Nxg4 35. Rf7+ Rxf7 36. Bxf7 Re7 37. Bd5 Ne3 38. Re1 Nxd5 39. cxd5 Rxe1+ 40.
Bxe1 Be4 41. d6 Bf5 42. Kf2 Kg7 43. Ke2 Kf7 44. Kd2 Ke6 45. Bg3 Kd7 46. a5 Kc6
0-1

[Event "?"]
[Site "?"]
[Date "2009.08.23"]
[Round "5.31"]
[White "Oerder, Timon"]
[Black "Rieger, Isabelle"]
[Result "0-1"]
[WhiteElo "967"]
[BlackElo "1321"]
[PlyCount "66"]
[EventDate "2009.??.??"]
[WhiteTeam "Schachverein Fideler Bauer Lever"]
[BlackTeam "Schachverein Fideler Bauer Lever"]

1. d4 Nf6 2. c4 g6 3. Nc3 Bg7 4. e4 d6 5. Nge2 O-O 6. g3 Nc6 7. Bg2 e5 8. d5
Ne7 9. Be3 Ne8 10. Qd2 f5 11. f4 Nf6 12. O-O-O fxe4 13. Rdf1 Bf5 14. h3 h5 15.
fxe5 dxe5 16. Bh6 Qd6 17. Rf2 Qc5 18. Rhf1 e3 19. Bxe3 Qxc4 20. Bh6 Rad8 21.
Qg5 Bxh6 22. Qxh6 Nfxd5 23. Qg5 Nxc3 24. Nxc3 Qe6 25. Bxb7 Bxh3 26. Rxf8+ Rxf8
27. Bd5 Rxf1+ 28. Kc2 Nxd5 29. Qd8+ Rf8 30. Qxd5 Qxd5 31. Nxd5 Rf2+ 32. Kb3 Be6
33. g4 Bxd5+ 0-1

[Event "?"]
[Site "?"]
[Date "2009.08.23"]
[Round "5.32"]
[White "Klein, Markus"]
[Black "Schröter, Ron"]
[Result "1-0"]
[WhiteElo "1302"]
[BlackElo "1098"]
[PlyCount "97"]
[EventDate "2009.??.??"]
[WhiteTeam "Schachklub Sülz-Klettenberg"]
[BlackTeam "Schachverein Horrem 1948"]

1. d4 d5 2. e3 Nf6 3. c4 e6 4. Bd2 b6 5. Nf3 Bb7 6. Be2 dxc4 7. Bxc4 Nbd7 8.
Nc3 c5 9. dxc5 Bxc5 10. Be2 O-O 11. a3 Rc8 12. b4 Bd6 13. Rc1 Ng4 14. h3 Nge5
15. Nxe5 Bxe5 16. Bf3 Bxf3 17. Qxf3 Bxc3 18. Bxc3 Ne5 19. Qg3 f6 20. O-O Qd3
21. Rfd1 Qf5 22. Bxe5 Rxc1 23. Rxc1 fxe5 24. Rc7 g6 25. Qh4 g5 26. Qg3 Qb1+ 27.
Kh2 Qg6 28. f3 Rf5 29. Rxa7 b5 30. Qg4 Qe8 31. Qe4 Qg6 32. Ra8+ Kg7 33. g4 Rf7
34. Qxg6+ hxg6 35. Kg3 Rd7 36. e4 Kf6 37. Kf2 Ra7 38. Rb8 Rb7 39. Rf8+ Ke7 40.
Ra8 Kf6 41. a4 Ra7 42. Rxa7 bxa4 43. Rxa4 Kg7 44. b5 Kh6 45. b6 Kg7 46. b7 Kf6
47. b8=Q Ke7 48. Ra7+ Kf6 49. Qf8# 1-0

[Event "?"]
[Site "?"]
[Date "2009.08.23"]
[Round "5.33"]
[White "Hingst, Dieter Max Otto"]
[Black "Jansen, Kurt"]
[Result "0-1"]
[WhiteElo "995"]
[BlackElo "1555"]
[PlyCount "76"]
[EventDate "2009.??.??"]
[WhiteTeam "Brühler Schachklub 1920 e.V."]
[BlackTeam "Schachklub Sülz-Klettenberg"]

1. e4 e6 2. Nf3 Nc6 3. Nc3 Bb4 4. a3 Bxc3 5. bxc3 a6 6. Bb2 e5 7. c4 d6 8. d4
Bg4 9. Be2 Bxf3 10. Bxf3 Qg5 11. d5 Na7 12. Qd2 Qxd2+ 13. Kxd2 b6 14. a4 a5 15.
h4 h5 16. g4 hxg4 17. Bxg4 Nf6 18. Bf3 g6 19. Rag1 O-O-O 20. Bg4+ Nxg4 21. Rxg4
Rh5 22. Rg5 Rdh8 23. Rxh5 Rxh5 24. c5 dxc5 25. Rg1 Rxh4 26. Bxe5 Kd7 27. f3 Nc8
28. Rg4 Rh5 29. Bf4 c6 30. c4 cxd5 31. cxd5 Nd6 32. e5 Nc4+ 33. Kc3 Nxe5 34.
Bxe5 Rxe5 35. Kc4 Re3 36. Rf4 f5 37. Rh4 Re7 38. Kb5 Kd6 {Rest unleserlich} 0-1